| 000 | 00373nam a2200133Ia 4500 | ||
|---|---|---|---|
| 008 | 170221s9999 xx 000 0 und d | ||
| 100 | _aMonir Mir | ||
| 245 | _aEditorial: AABFJ Volume 9, Issue 4, 2017 | ||
| 245 | _cMonir Mir | ||
| 260 | _c2012 | ||
| 300 | _a32 : 17 | ||
| 650 | _xBusiness | ||
| 856 | _uhttp://ro.uow.edu.au/cgi/viewcontent.cgi?article=1626&context=aabfj | ||
| 999 |
_c311392 _d311392 |
||